书目信息 |
| 题名: |
数字城市-理论.方法与应用
|
|
| 作者: | 承继承 编著 | |
| 分册: | ||
| 出版信息: | 北京 科学出版社 2003.10 |
|
| 页数: | ||
| 开本: | 32开 | |
| 丛书名: | ||
| 单 册: | ||
| 中图分类: | F294 | |
| 科图分类: | ||
| 主题词: | 城市经济 , 市政经济 | |
| 电子资源: | ||
| ISBN: | 978-7-03-010873-9 | |
| 000 | 00581nam0 2200193 450 | |
| 001 | 0736196517 | |
| 005 | 20070924100316.51 | |
| 010 | @a978-7-03-010873-9@d¥42.00 | |
| 100 | @a20070924d km y0chiy0120 ea | |
| 101 | 0 | @achi |
| 200 | 1 | @a数字城市-理论.方法与应用@Ashu zi cheng shi-li lun.fang fa yu ying yong@f承继承 等编著@Fcheng ji cheng deng bian zhu |
| 210 | @a北京@c科学出版社@d2003.10 | |
| 215 | @d32开 | |
| 606 | 0 | @a城市经济 |
| 606 | 0 | @a市政经济 |
| 690 | @aF294@v3 | |
| 701 | 0 | @a承继承@Acheng ji cheng@4编著 |
| 801 | 0 | @aCN@bPFT@c20070924 |
| 905 | @a213230@dF294@eZY11@f1 | |
| 数字城市-理论.方法与应用/承继承 等编著.-北京:科学出版社,2003.10 |
| 32开 |
| ISBN 978-7-03-010873-9:¥42.00 |
| ● |
| 相关链接 |
|
|
|
|
正题名:数字城市-理论·方法与应用
索取号:F294/ZY11
 
预约/预借
| 序号 | 登录号 | 条形码 | 馆藏地/架位号 | 状态 | 备注 |
| 1 | 7902502 | 279025029 | 密集书库-资源管理系/ [索取号:F294/ZY11] | 在馆 |